000 00538nam a2200265Ia 4500
008 181205s9999 xx 000 0 und d
020 _a0-07-053477-2
041 _aENGLISH
082 _a681.3.423.12 BAL
100 _aBalagurusamy ( E)
100 _eAUTHOR
245 0 _aProgramming in Ansi c
250 _a3
260 _bNew Delhi
260 _c2005
260 _cTMH
300 _bPaper
300 _ePaper Pack
300 _gNO
365 _b0
365 _b0
365 _d1
942 _cBK
999 _c116128
_d116128